000 00919nam a22002417a 4500
005 20240530110501.0
008 150706s2010 ua co f 000 0 ara d
017 _a2010/11919 ؛ ج1
_a2011/20553 ؛ ج2
_bمصر . دار الكتب المصرية
020 _a9772013037
020 _a9789777048736
040 _aEG-CaGPL
082 0 4 _221
_a791.4375\
_bم أ
100 0 _aمحمود قاسم
245 1 0 _aافلام و اقلام /
_cكتبه محمود قاسم ؛ قرأة محمد كامل القليوبى
260 _aالقاهرة :
_bقطاع العلاقات الثقافية الخارجية ،
_c2010 .
300 _a2 جزء ؛
_c22 سم
650 0 4 _aالافلام السينمائية
650 0 4 _aالسينما المصرية
650 0 4 _aالسينما
_zمصر
700 0 _aكامل القليوبى
_eقرأة
942 _2ddc
_cBK
999 _c61479
_d61479